00367 2200157 4500001002100000005001500021035002000036245002600056100001700082300002600099260002800125082000800153084001400161020002200175990001200197INLIS00000000000302720250918114149 a0010-09250003741 aKlise /cGhiyat Aesna0 aGhiyat Aesna a236 hlm ;c13 x 19 cm aJakarta :bZettu,c2013 a813 a813 GHI k a978-602-7999-75-6 a0755609